<?xml version="1.0" encoding="UTF-8"?>
<marc:record xmlns:marc="http://www.loc.gov/MARC21/slim">
   <marc:leader>00000nam a2200000 a 4500</marc:leader>
   <marc:datafield ind1="1" ind2=" " tag="100">
      <marc:subfield code="a">Muriel, Oscar de</marc:subfield>
      <marc:subfield code="4">aut</marc:subfield>
      <marc:subfield code="e">Verfasser/-in</marc:subfield>
   </marc:datafield>
   <marc:datafield ind1="0" ind2="0" tag="245">
      <marc:subfield code="a">Die Totenfrau von Edinburgh</marc:subfield>
   </marc:datafield>
   <marc:datafield ind1="0" ind2="0" tag="245">
      <marc:subfield code="b">ein Fall für Frey und McGray</marc:subfield>
   </marc:datafield>
   <marc:datafield ind1="0" ind2="0" tag="245">
      <marc:subfield code="c">Oscar de Muriel ; aus dem Englischen von Peter Beyer</marc:subfield>
   </marc:datafield>
   <marc:datafield ind1=" " ind2="1" tag="264">
      <marc:subfield code="a">München</marc:subfield>
      <marc:subfield code="b">Goldmann</marc:subfield>
      <marc:subfield code="c">2021</marc:subfield>
   </marc:datafield>
   <marc:datafield ind1="1" ind2=" " tag="490">
      <marc:subfield code="a">Ein Fall für Frey &amp; McGray / Oscar de Muriel</marc:subfield>
      <marc:subfield code="v">Band 5</marc:subfield>
   </marc:datafield>
   <marc:datafield ind1=" " ind2=" " tag="250">
      <marc:subfield code="a">1. Auflage, deutsche Erstveröffentlichung</marc:subfield>
   </marc:datafield>
   <marc:datafield ind1="1" ind2=" " tag="520">
      <marc:subfield code="a">Angaben aus der Verlagsmeldung

Die Totenfrau von Edinburgh : Ein Fall für Frey und McGray 5 The Darker Arts / von Oscar de Muriel

Madame Katerina, Hellseherin und Inspector McGrays enge Vertraute, hält eine Séance mit sechs Mitgliedern von Edinburghs reichster Familie ab. Am nächsten Morgen sind alle Teilnehmer tot, nur Madame Katerina selbst hat überlebt. Sie beteuert, dass der herbeigerufene Geist die Opfer aus Rache tötete. McGray glaubt ihr jedes Wort, muss aber eine weltliche Erklärung finden, um sie vor dem Galgen zu bewahren. Verzweifelt bittet er Ian Frey um Hilfe, der sich nach der grausamen Ermordung seines geliebten Onkels zurückgezogen hat. Doch in diesem mysteriösen Fall, fällt es selbst dem vernunftbegabten Engländer schwer, nicht an Geister zu glauben …

</marc:subfield>
   </marc:datafield>
   <marc:datafield ind1=" " ind2=" " tag="020">
      <marc:subfield code="a">9783442491117</marc:subfield>
      <marc:subfield code="9">9783442491117</marc:subfield>
   </marc:datafield>
   <marc:datafield ind1=" " ind2=" " tag="020">
      <marc:subfield code="a">3442491118</marc:subfield>
      <marc:subfield code="9">3442491118</marc:subfield>
   </marc:datafield>
   <marc:datafield ind1=" " ind2=" " tag="300">
      <marc:subfield code="a">569 Seiten</marc:subfield>
   </marc:datafield>
</marc:record>
